000 00764 a2200205 4500
001 50152
005 20260407155802.0
008 260407a1965 arg spa d
003 AR-UNSa-BCEJYS
040 _aAR-UNSa-BCEJYS
_bspa
_cAR-UNSa-BCEJYS
080 _a101.1
_xNaturaleza de la filosofía. La filosofía como ciencia. La filosofía como arte (pensamiento filosófico)
245 1 0 _aLas grandes filosofias
264 1 _aMéxico :
_bDiana
_c1965
300 _a142 p.
_c18 cm.
505 _aI. Los orígenes - II. La filosofía griega - III. Los Renacimientos medievales - IV. La filosofía moderna - V. El pensamiento contemporáneo
942 _cBK
590 _aniveau_biblio:m niveau_hierar:0
100 1 _aDucasse, Pierre
700 1 _aDe Alba, Adolfo A.
999 _c4977
_d4977